[Event "Rio de Janeiro Trompowsky Memorial"]
[Site "Rio de Janeiro"]
[Date "2015.12.09"]
[Round "3"]
[White "Salles, Jose Correa"]
[Black "Violla Cunha, Mario"]
[Result "1/2-1/2"]
[WhiteElo "2321"]
[BlackElo "2334"]
[PlyCount "99"]
[EventDate "2015.12.08"]
[EventType "tourn"]
[EventRounds "9"]
[EventCountry "BRA"]
[SourceTitle "EXT 2018"]
[Source "ChessBase"]
[SourceDate "2017.10.13"]
[SourceVersion "1"]
[SourceVersionDate "2017.10.13"]
[SourceQuality "1"]

1. e4 c5 2. Nf3 Nc6 3. d4 cxd4 4. Nxd4 Nf6 5. Nc3 d6 6. Bg5 Bd7 7. Qd3 a6 8. 0-0-0 Nxd4 9. Qxd4 Rc8 10. f4 Qa5 11. Be2 h6 12. Bxf6 gxf6 13. a3 Bg7 14. Rhe1 h5 15. f5 Bh6+ 16. Kb1 Bf4 17. Nd5 Be5 18. Qa7 Bc6 19. Bc4 Bxh2 20. Nb6 Rd8 21. Nd5 Kf8 22. Nb4 Be5 23. Bb3 h4 24. Ka2 h3 25. gxh3 Rxh3 26. Rh1 Rxh1 27. Rxh1 Bxe4 28. Rh8+ Kg7 29. Rxd8 Qxd8 30. Qg1+ Kf8 31. Qg4 d5 32. Qh5 e6 33. fxe6 fxe6 34. Qh8+ Ke7 35. Qg7+ Kd6 36. Qxb7 Qc7 37. Qxa6+ Ke7 38. Nc6+ Kf7 39. a4 f5 40. a5 f4 41. Nxe5+ Qxe5 42. Qb7+ Kg6 43. a6 f3 44. a7 d4 45. a8Q Bxb7 46. Qxb7 Qa5+ 47. Kb1 Qe1+ 48. Ka2 Qa5+ 49. Kb1 Qe1+ 50. Ka2 1/2-1/2